| 000 | 01727nam a2200361 i 4500 | ||
|---|---|---|---|
| 001 | 991061300300906706 | ||
| 003 | ES-BaIT | ||
| 005 | 20250903120756.0 | ||
| 008 | 250313s2001 sp a||||r|||||0|| 0 spa|c | ||
| 017 |
_aM 40360-2011 _bOficina DL Madrid |
||
| 020 | _a9788488038876 | ||
| 020 | _a8488038879 | ||
| 040 |
_aES-BaIT _bcat _erda _cES-BaIT |
||
| 041 | 1 |
_aspa _hdut |
|
| 080 | _a78.01 | ||
| 080 | _a781.24 | ||
| 080 | _a781 | ||
| 100 | 1 |
_aPinksterboer, Hugo _eautor _9166930 |
|
| 245 | 1 | 0 |
_aEscritura musical : _bguía mundimúsica : teoría básica / _cHugo Pinksterboer ; traducción, Julio García Lenberg y Alfredo García Martín-Córdova |
| 264 | 1 |
_aMadrid: _bMundimúsica Ediciones, _c2001 |
|
| 300 |
_aVII, 146 pagines : _bil·lustracions, música ; _c21 cm |
||
| 336 |
_atext _btxt _2rdacontent |
||
| 337 |
_asense mediació _bn _2rdamedia |
||
| 338 |
_avolum _bnc _2rdacarrier |
||
| 490 | 1 | _aGuias mundimúsica | |
| 500 | _aTítol original: Tipboek muziek op papier (basistheorie) | ||
| 520 | _a"Sencilla, accesible, minuciosa, práctica. Todo lo necesario para leer música y comprender las bases del sistema que hay detrás de las notas. En dos palabras. Con ejemplos al alcance de todos, aunque no toquen instrumento alguno ni sepan leer música... todavía. Todo sobre acentos, alla breve y contratiempo, tonalidades, negras y cinquillos, plops y pitch bends, transportar, tresillos, trémolos y micho más. Para cualquier estilo, cualquier nivel y cualquier instrumento. Para principiantes y avanzados. Para ti. Incluye un glosario." -- contracoberta | ||
| 650 | 7 |
_aNotació musical _964417 |
|
| 830 | 0 |
_aGuías Mundimúsica _9166931 |
|
| 908 | _aCDMAE | ||
| 940 | _aCDMAE | ||
| 942 |
_2udc _c1 |
||
| 999 |
_c136477 _d136477 |
||